| 000 | 00828nab a2200241 u 4500 | ||
|---|---|---|---|
| 001 | 10359 | ||
| 003 | HDC | ||
| 007 | cr bn ---aaaaa | ||
| 008 | 210104c mydr|noo 0 a may d | ||
| 040 | _aHDC | ||
| 100 |
_aR. Vikneswaran _eauthor _910598 |
||
| 245 | 0 |
_aCuba Confident Of Malaysia's Support To End US-imposed 54-yr-old Embargo / _cby R. Vikneswaran |
|
| 260 |
_a[No place] : _bBernama, _c2017 |
||
| 336 |
_atext _2rdacontent |
||
| 337 |
_acomputer _2rdamedia |
||
| 338 |
_aonline resource _2rdacarrier |
||
| 650 |
_aCountry issues _910508 |
||
| 650 |
_adiplomatic ties _910599 |
||
| 856 | _zRequest full-text at [email protected] | ||
| 942 | _2lcc | ||
| 942 | _cNEWS | ||
| 942 | _kNWSO 000474 | ||
| 999 |
_c7682 _d7682 |
||